Βασιλεία Χριστού : (νεοελληνικά έπη)

Αποθηκεύτηκε σε:
Λεπτομέρειες βιβλιογραφικής εγγραφής
Κύριος συγγραφέας: Μουστάκας, Χρυσόστομος
Μορφή: Βιβλίο
Γλώσσα:Greek
Δημοσίευση: Ρόδος : [χ.ό.], 1967.
Θέματα:
Ετικέτες: Προσθήκη ετικέτας
Δεν υπάρχουν, Καταχωρήστε ετικέτα πρώτοι!

MARC

LEADER 00000cam a2200000 i 4500
001 1/97233
008 081113s1967 gr | ||| |||| ||gre||
035 |l 10101637 
040 |a GR-MY-UA  |b gre  |e aacr 
041 0 |a gre 
082 7 |a 808.803823   |2 (22) 
100 1 |a Μουστάκας, Χρυσόστομος. 
245 1 0 |a Βασιλεία Χριστού :   |b (νεοελληνικά έπη) /   |c Χρυσοστόμου Μουστάκα.  
260 |a Ρόδος :   |b [χ.ό.],   |c 1967.  
300 |a 124 σ. ;   |c 22 εκ.  
650 0 0 |a Christian poetry, Greek. 
650 0 0 |a Religion and literature. 
650 0 0 |a Religion and poetry. 
852 |a INST  |b RHODES  |c AKA  |e 20081113  |h  808.803823 ΜΟΥ  |p 005400031094  |q 005400031094  |t BK  |y 0 
901 |a BIBL4-2008-3 
909 |a Ρ  |b 153607 
970 |a ΧΑΡΙΟΠΟΛΙΤΟΥ  |b ΚΩΝΣΤΑΝΤΙΝΑ  |z 2008/11/13